000 00579nam a22001457a 4500
020 _a978-0-099-51422-0
082 _a823
_bWOD/B
100 _aWODEHOUSE
245 _aBIG MONEY
260 _aLONDON
_bARROW BOOKS
_c2008
300 _a295
520 _aBig Money has many of the elements of a great Wodehouse novel: criss-crossed romance, misunderstandings, unfortunate familial relations, and deceptive double-crossings. It's a lot of fun, even if the plot is, at times, a bit uneven (and the ending could have been much better).
650 _aNOVEL
_zUNITED KINGDOM
942 _cBK
999 _c5055
_d5055